[Event "COL-chT (Women)"]
[Site "Santa Marta"]
[Date "2022.11.05"]
[Round "7.1"]
[White "Munoz Monroy, Cinthya Carolina"]
[Black "Corredor Agamez, Michelle"]
[Result "1-0"]
[WhiteElo "1938"]
[BlackElo "1125"]
[PlyCount "23"]
[EventDate "2022.11.02"]
[EventType "team-swiss"]
[EventRounds "7"]
[EventCountry "COL"]
[SourceTitle "CBM 211 Extra"]
[Source "ChessBase"]
[SourceDate "2023.01.31"]
[SourceVersion "1"]
[SourceVersionDate "2023.01.31"]
[SourceQuality "1"]
[WhiteTeam "Antioquia (W) II"]
[BlackTeam "San Andres Isla (W)"]
[WhiteTeamCountry "COL"]
[BlackTeamCountry "COL"]

1. e4 e5 2. Nf3 d6 3. d4 f6 4. Bc4 Bg4 5. Nc3 a6 6. dxe5 fxe5 7. Nxe5 dxe5 8. Qxg4 Nf6 9. Qe6+ Qe7 10. Qc8+ Qd8 11. Bf7+ Ke7 12. Qe6# 1-0

[Event "COL-ch (Women)"]
[Site "Quibdo"]
[Date "2015.11.10"]
[Round "1"]
[White "Hernandez Fonseca, Maria Paula"]
[Black "Corredor Agamez, Michelle"]
[Result "1-0"]
[WhiteElo "1876"]
[BlackElo "1345"]
[PlyCount "45"]
[EventDate "2015.11.10"]
[EventType "swiss"]
[EventRounds "9"]
[EventCountry "COL"]
[SourceTitle "CBM 169 Extra"]
[Source "ChessBase"]
[SourceDate "2015.12.18"]
[SourceVersion "1"]
[SourceVersionDate "2015.12.18"]
[SourceQuality "1"]

1. e4 e5 2. Nf3 d6 3. d4 Nc6 4. Bb5 Bd7 5. Nc3 a6 6. Bxc6 Bxc6 7. dxe5 d5 8. exd5 Bb5 9. a4 Bd7 10. 0-0 Ne7 11. Re1 Qc8 12. d6 Nf5 13. Nd5 g6 14. Nxc7+ Kd8 15. Bg5+ Ne7 16. dxe7+ Bxe7 17. Bxe7+ Kxe7 18. Qd6+ Kd8 19. Nxa8 Qxa8 20. e6 Qc8 21. exd7 Qxd7 22. Qb8+ Qc8 23. Rad1# 1-0